Responses for Show #8241 - Monday, September 21, 2020

Contestants

[<< previous game]

Dana Hill, a book dealer and stay-at-home mom from Simi Valley, California

Brian Ross, an attorney from Los Angeles, California

Sarah Twilley, a music teacher from Seal Beach, California (whose 1-day cash winnings total $19,801)

[next game >>]

Jeopardy! Round responses

THE SOUND OF MUSIC
THE TEMPLETON PRIZE
MIDDLEWOMAN
(Alex: You have to supply the woman's name in the link of the clue that we give you.)
THE ROOM WHERE IT HAPPENS
TUNNELS
GOOD STUFF IN 2020
    $200 1
the von Trapps

Dana
    $200 22
the Nobel Prize

Triple Stumper
    $200 6
Jane

Dana
    $200 18
(Dana: What is the freezer?)

the kitchen

Dana
Triple Stumper
    $200 9
a spiral

Brian
    $200 11
Iowa

Dana
    $400 2
Rodgers & Hammerstein

Sarah
    $400 24
(Alex: With less than a minute now.)

Calcutta

Dana
    $400 7
Grace

Dana
    $400 19
(Sarah: What is the card room?)

the parlor

Sarah
Triple Stumper
    $400 10
(Brian: What are states?)

rivers

Brian
Triple Stumper
    $400 12
a cheetah

Dana
    $600 3
Julie Andrews

Dana
    $600 25
quantum mechanics

Brian
    $600 8
Robin

Brian
    $600 20
(Dana: What is the War Room?)
(Alex: Be more specific than that.)
(Dana: Oh, gosh. Um...)
(Alex: There's another name we're going for.)

the Situation Room

BrianDana
    $600 28
Great Wall

Triple Stumper
    $600 13
(Mark) Hamill

Brian
    $800 4
"Do-Re-Mi"

Dana
    $800 26
Archbishop Desmond Tutu

Brian
    $800 16
Rose

Dana
    $800 21
a waiting room

Dana
    $800 29
the Pacific Coast Highway

Brian
    $800 14
the San Francisco Giants

Sarah
    $1000 5
(Alex: And we want to thank Viking River Cruises for helping make that category possible.)

Anschluss

Triple Stumper
    $1000 27
Billy Graham

Brian
    $1000 17
Penny

Dana
    $1000 23
a vestry

Brian
    $1,600 30
Denver

Brian
    $1000 15
Jimmy Carter

Brian

Scores at the first commercial break (after clue 15):

Sarah Brian Dana
$1,200 $2,000 $2,800

Scores at the end of the Jeopardy! Round:

Sarah Brian Dana
$800 $8,400 $5,000

Double Jeopardy! Round responses

AMERICAN HISTORY
ROCK STARS
NEW TECHNOLOGY
4-LETTER WORDS
THE NATIONAL JEWISH BOOK AWARD FOR FICTION
LIL NASDAQ "X"
(Alex: Each correct response will be a company, a NASDAQ company, that has "X" in its name.)
    $400 6
Cuba

Dana
    $400 1
Slash

Brian
    $400 13
scents

Dana
    $400 7
(Brian: What is a dodo?)

kiwi

SarahBrian
    $400 17
a comedian

Sarah
    $400 26
Oxford

Triple Stumper
    $800 9
Sally Ride

Brian
    $800 2
Heart

Sarah
    $800 18
the Sun

Triple Stumper
    $800 8
an ugli

Brian
    $800 20
Ellis Island

Brian
    $800 27
(Sarah: [*]. Is it [*]?)
(Alex: Well, that's an unusual way of phrasing your response, but it is correct.)
[The end-of-round signal sounds.]

SiriusXM Radio

Sarah
    $1200 10
35

Brian
    $1200 3
Sebastian Bach

Brian
    $1200 19
(Sarah: What are dolphins?)

(electric) eels

SarahDana
    $1200 14
mime

Sarah
    $1200 23
Yiddish

Sarah
    $3,000 11
(Brian: Who is Lincoln?)

Andrew Jackson

Brian
    $1600 4
System of a Down

Brian
    $1600 21
the stratosphere

Triple Stumper
    $1600 15
a tout

Brian
    $1600 24
(Leon) Uris

Dana
    $2000 12
the Mayflower Compact

Brian
    $2000 5
(Alex: You knew that, Sarah.)
(Sarah: Mm-hmm.)

Jackson Browne

Triple Stumper
    $2000 22
(Alex: With less than a minute.)

E. coli

Dana
    $2000 16
chai

Dana
    $2000 25
Warsaw

Sarah

Scores at the end of the Double Jeopardy! Round:

Sarah Brian Dana
$6,400 $15,400 $12,600

[wagering suggestions for these scores]

Final Jeopardy! Round responses

PIONEERING EDUCATORS
SarahWho is Montessori?
$6,400
DanaWho is Montessori?
$12,600
BrianWho is M. Curie (Happy B-day Emmett)
$9,801
(Maria) Montessori

Final scores:

Sarah Brian Dana
$12,800 $5,599 $25,200
2nd place: $2,000 3rd place: $1,000 New champion: $25,200

Game dynamics:

Coryat scores:

Sarah Brian Dana
$6,400 $17,800 $12,600
9 R,
2 W
20 R
(including 1 DD),
3 W
(including 1 DD)
17 R,
2 W

Combined Coryat: $36,800

[game] [game scores] [suggest correction]

Game tape date: 2020-07-29
The J! Archive is created by fans, for fans. Scraping, republication, monetization, and malicious use prohibited; this site may use cookies and collect identifying information. See terms. The Jeopardy! game show and all elements thereof, including but not limited to copyright and trademark thereto, are the property of Jeopardy Productions, Inc. and are protected under law. This website is not affiliated with, sponsored by, or operated by Jeopardy Productions, Inc. Join the discussion at JBoard.tv.